000 00816nmm a2200265 a 4500
001 ocm000884582
003 TR-IsHL
005 20201028144240.0
008 141121s2010 tu tur
007 cr cn
020 _a9786054049370
035 _a884582
_b(N$T)
050 0 4 _aPL248.K354
_bE85 2010
090 0 4 _aPL248.K354
_bE85 2010
100 1 _aKalender, Perihan
245 1 0 _aEvim sokak lambası
_h[electronic resource] /
_cPerihan Kalender
260 _aİstanbul :
_bPencere Yayınları,
_c2010
300 _a101 p.
650 4 _aDil ve Edebiyat
650 4 _aLanguage and Literature
650 0 _aTürk Şiiri
650 0 _aTurkish poetry
650 7 _aPOETRY / Middle Eastern
_2bisacsh
856 4 0 _uhttp://search.ebscohost.com/login.aspx?direct=true&scope=site&db=e011xww&AN=884582
999 _c9325
_d9325